European Agreement concerning the International Carriage of Dangerous Goods by Road (ADR) (Record no. 42572)

MARC details
000 -LEADER
fixed length control field 00649nas a2200157 a 4500
008 - FIXED-LENGTH DATA ELEMENTS--GENERAL INFORMATION
fixed length control field 060406c20049999||||||||||||||||| || u
050 ## - LIBRARY OF CONGRESS CALL NUMBER
Classification number UN-ECE(058)ADR
110 ## - MAIN ENTRY--CORPORATE NAME
Corporate name or jurisdiction name as entry element United Nations Economic Commission for Europe (UNECE)
245 10 - TITLE STATEMENT
Title European Agreement concerning the International Carriage of Dangerous Goods by Road (ADR)
Statement of responsibility, etc. by United Nations Economic Commission for Europe Inland Transport Committee
260 ## - PUBLICATION, DISTRIBUTION, ETC.
Place of publication, distribution, etc. New York :
Name of publisher, distributor, etc. UNITED NATIONS
Date of publication, distribution, etc. 2004-
300 ## - PHYSICAL DESCRIPTION
Extent vol.I, vol II
350 ## - PRICE (NR) (BK AM CF MU VM SE) [OBSOLETE]
Price 0.00
362 1# - DATES OF PUBLICATION AND/OR SEQUENTIAL DESIGNATION
Dates of publication and/or sequential designation 2005, Vol. I & II; 2007, Vol. I & II; 2011, Vol. I & II
650 ## - SUBJECT ADDED ENTRY--TOPICAL TERM
Topical term or geographic name entry element TRANSPORTATION
650 #0 - SUBJECT ADDED ENTRY--TOPICAL TERM
Topical term or geographic name entry element HAZARDOUS SUBSTANCES--TRANSPORTATION
Holdings
Withdrawn status Lost status Source of classification or shelving scheme Damaged status Not for loan Home library Current library Date acquired Total Checkouts Full call number Date last seen Price effective from Koha item type
          CBU-MAIN LIBRARY, KITWE. CBU-MAIN LIBRARY, KITWE. 11/30/2022   UN-ECE(058)ADR 11/30/2022 11/30/2022 MONOGRAPH